|
|
|
|
| LEADER |
00000nab a2200000uu 4500 |
| 001 |
vtls011143595 |
| 003 |
SK-MaSNL |
| 005 |
20260303125550.0 |
| 008 |
230218|2003 xo |||||||||||||||||cze| |
| 015 |
|
|
|a SNBRB
|
| 035 |
|
|
|a (urnnbn)urn:nbn:sk:snk:ar-008gwo
|
| 035 |
|
|
|a (uuid)50cd9736-e8ee-466b-9d34-9679232a4bc5
|
| 035 |
|
|
|a urn:nbn:sk:snk-abaut8
|
| 040 |
|
|
|a SNKBUCL
|b slo
|c SNKBUCL
|e AACR2
|
| 041 |
0 |
|
|a cze
|
| 044 |
|
|
|a xo
|c SK
|
| 100 |
1 |
|
|a Nešpor, Karel,
|d 1952-
|4 aut
|9 100459
|
| 245 |
1 |
0 |
|a Alkohol, jiné návykové látky a stres
|c K. Nešpor
|
| 773 |
0 |
|
|t Česká a slovenská psychiatrie : časopis psychiatrické společnosti a slovenskej psychiatrickej spoločnosti
|g Roč. 99, č. 4 (2003), s. 214-216
|
| 954 |
|
|
|a odborná, vedecká literatúra cudzojazyčná (svetová)
|2 lita
|
| 958 |
|
|
|a OND
|
| 958 |
|
|
|a EUIPO
|
| 958 |
|
|
|a article14
|
| 999 |
|
|
|c 1935331
|d 1937261
|